The colleted poems of theodore roethke (Record no. 128747)
[ view plain ]
| 000 -LEADER | |
|---|---|
| fixed length control field | 00659nam a22002297a 4500 |
| 005 - DATE AND TIME OF LATEST TRANSACTION | |
| control field | 20170124110044.0 |
| 010 ## - LIBRARY OF CONGRESS CONTROL NUMBER | |
| LC control number | 780052 |
| 020 ## - INTERNATIONAL STANDARD BOOK NUMBER | |
| Terms of availability | 20.00 |
| 035 ## - SYSTEM CONTROL NUMBER | |
| System control number | 780052 |
| 037 ## - SOURCE OF ACQUISITION | |
| Source of stock number/acquisition | Cen Lib/Ret |
| 040 ## - CATALOGING SOURCE | |
| Original cataloging agency | DPL |
| Language of cataloging | EN |
| 082 ## - DEWEY DECIMAL CLASSIFICATION NUMBER | |
| Classification number | 881 |
| Item number | ROE |
| 100 ## - MAIN ENTRY--PERSONAL NAME | |
| Personal name | Roethke, Theodore |
| 9 (RLIN) | 24307 |
| 245 ## - TITLE STATEMENT | |
| Title | The colleted poems of theodore roethke |
| Statement of responsibility, etc | by Theodore Thoethke |
| 260 ## - PUBLICATION, DISTRIBUTION, ETC. (IMPRINT) | |
| Place of publication, distribution, etc | Bombay |
| Name of publisher, distributor, etc | Allied Publishers |
| Date of publication, distribution, etc | 1961 |
| 270 ## - ADDRESS | |
| City | Bombay |
| Address | 15, graahn road ballard estate |
| Postal code | 400038 |
| 300 ## - PHYSICAL DESCRIPTION | |
| Extent | xi, 279p. |
| Dimensions | 21cm(Hb) |
| 500 ## - GENERAL NOTE | |
| General note | Includes index |
| 650 ## - SUBJECT ADDED ENTRY--TOPICAL TERM | |
| Topical term or geographic name as entry element | Latin literature |
| 9 (RLIN) | 24308 |
| 650 ## - SUBJECT ADDED ENTRY--TOPICAL TERM | |
| Topical term or geographic name as entry element | Poetry |
| 9 (RLIN) | 24309 |
| 942 ## - ADDED ENTRY ELEMENTS (KOHA) | |
| Source of classification or shelving scheme | Dewey Decimal Classification |
| Koha item type | English Books |
| Classification part | 881 |
| Call number suffix | ROE |
| Withdrawn status | Lost status | Damaged status | Not for loan | Home library | Current library | Date acquired | Source of acquisition | Cost, normal purchase price | Total Checkouts | Full call number | Barcode | Date last seen | Copy number | Cost, replacement price | Price effective from | Koha item type | Public note |
|---|---|---|---|---|---|---|---|---|---|---|---|---|---|---|---|---|---|
| Written off | Central Library | Central Library | 03/07/2015 | Cen Lib/Ret | 20.00 | 881 ROE | 780052 | 03/07/2015 | 1 | 20.00 | 03/07/2015 | English Books | W/d List No. 8132/6; dtd 20.2.2017 |
